| 000 | 00349nam a2200145Ia 4500 | ||
|---|---|---|---|
| 008 | 230312s9999||||xx |||||||||||||| ||und|| | ||
| 020 | _a1-84710-559-2 | ||
| 082 |
_a657 _bFIN |
||
| 245 | 0 | _aFinancial Accounting | |
| 260 |
_bKaplan Finanacial limited _aPakistan _c2009 |
||
| 300 | _a180 | ||
| 546 | _aEng. | ||
| 650 |
_aAccounting _vACCA |
||
| 942 | _cBK | ||
| 999 |
_c7084 _d7084 |
||